[Event "ODJM A 2016"]
[Site "Willingen GER"]
[Date "2016.05.17"]
[Round "4"]
[White "Wissing, Philipp"]
[Black "Troyke, Jannis"]
[Result "1-0"]
[Termination "normal"]
[Board "50"]
[WhiteElo "1583"]
[BlackElo "1760"]
[PlyCount "85"]
[WhiteFideId "12993654"]
[BlackFideId "12993115"]
[EventCountry "GER"]
[EventRounds "9"]
[EventType "swiss"]
[EventDate "2016.05.14"]

1. e4 c5 2. Nf3 d6 3. d4 cxd4 4. Nxd4 Nf6 5. f3 g6 6. c4 Bg7 7. Nc3 Bd7 8. Be3
O-O 9. Be2 Nc6 10. Qd2 Qc7 11. O-O a6 12. Rac1 Rac8 13. b3 Ne5 14. Nd5 Nxd5 15.
cxd5 Qb8 16. h3 f6 17. f4 Nf7 18. Bg4 Bxg4 19. hxg4 Rxc1 20. Rxc1 Rc8 21. Ne6
Nd8 22. f5 Nf7 23. Kf2 Ne5 24. Kg3 Kf7 25. Rxc8 Qxc8 26. Qc1 Qh8 27. Qc7 h5 28.
Nd8+ Ke8 29. Nxb7 hxg4 30. Qc8+ Kf7 31. Nd8+ Ke8 32. Nc6+ Kf7 33. Qe6+ Kf8 34.
Qxe7+ Kg8 35. Qe8+ Kh7 36. Qxh8+ Bxh8 37. Nxe5 fxe5 38. Kxg4 Bg7 39. Bb6 Bf8
40. Bd8 Kg7 41. Kg5 gxf5 42. Kxf5 Kf7 43. g4 1-0

[Event "ODJM A 2016"]
[Site "Willingen GER"]
[Date "2016.05.17"]
[Round "4"]
[White "Thumm, Niklas"]
[Black "Rose, Luis Stratos"]
[Result "1/2-1/2"]
[Termination "normal"]
[Board "51"]
[WhiteElo "1788"]
[BlackElo "1385"]
[PlyCount "46"]
[WhiteFideId "12918733"]
[BlackFideId "12976008"]
[EventCountry "GER"]
[EventRounds "9"]
[EventType "swiss"]
[EventDate "2016.05.14"]

1. e4 g6 2. d4 Bg7 3. Nc3 d6 4. Nf3 Nd7 5. Be2 Ngf6 6. e5 Ng8 7. Bf4 Nb6 8. O-O
Bd7 9. Re1 d5 10. Qd2 Qc8 11. Rad1 a6 12. h3 h5 13. Bd3 Bh6 14. Ne2 Bf5 15. Ng3
Bxd3 16. cxd3 Bxf4 17. Qxf4 e6 18. Ng5 Qd7 19. Rc1 c6 20. Ne2 Nh6 21. Qf6 Rg8
22. Qf4 Rh8 23. Qf6 Rg8 1/2-1/2

[Event "ODJM A 2016"]
[Site "Willingen GER"]
[Date "2016.05.17"]
[Round "4"]
[White "Riegel, Arinna"]
[Black "Frohnhäuser, Simon"]
[Result "0-1"]
[Termination "normal"]
[Board "52"]
[WhiteElo "1695"]
[BlackElo "1559"]
[PlyCount "80"]
[WhiteFideId "12931446"]
[BlackFideId "16208528"]
[EventCountry "GER"]
[EventRounds "9"]
[EventType "swiss"]
[EventDate "2016.05.14"]

1. Nf3 Nf6 2. g3 g6 3. Bg2 Bg7 4. O-O O-O 5. d4 d6 6. c4 c6 7. Nc3 Qa5 8. Bf4
Qh5 9. Qd2 Bh3 10. Ng5 Bxg2 11. Kxg2 h6 12. Nge4 Nbd7 13. h3 Kh7 14. Rh1 Nxe4
15. Nxe4 Qf5 16. f3 Nf6 17. Nxf6+ Qxf6 18. Be3 e5 19. Rad1 Rad8 20. b3 Qe7 21.
Rhe1 Rfe8 22. d5 c5 23. Qc2 e4 24. Qd2 Qe5 25. Kf2 Qc3 26. Rf1 Qxd2 27. Bxd2
exf3 28. exf3 Bd4+ 29. Kg2 Re2+ 30. Kh1 Rde8 31. Rde1 g5 32. g4 Kg6 33. a3 b6
34. b4 R8e5 35. f4 R5e4 36. f5+ Kg7 37. a4 Be5 38. Rxe2 Rxe2 39. Rd1 Rh2+ 40.
Kg1 Rxh3 0-1

[Event "ODJM A 2016"]
[Site "Willingen GER"]
[Date "2016.05.17"]
[Round "4"]
[White "Paskalev, Vasil"]
[Black "Melde, Benjamin"]
[Result "0-1"]
[Termination "normal"]
[Board "53"]
[WhiteElo "1591"]
[BlackElo "1707"]
[PlyCount "86"]
[WhiteFideId "16212355"]
[BlackFideId "12958816"]
[EventCountry "GER"]
[EventRounds "9"]
[EventType "swiss"]
[EventDate "2016.05.14"]

1. e4 c5 2. d4 cxd4 3. c3 dxc3 4. Nxc3 e6 5. Nf3 a6 6. Bc4 Nc6 7. O-O d6 8. Qe2
Be7 9. Rd1 Qc7 10. Bf4 e5 11. Nd5 Qb8 12. Be3 b5 13. Bb3 Bd8 14. Rac1 Na5 15.
Qd3 Nxb3 16. axb3 Ne7 17. Nxe5 O-O 18. Nxe7+ Bxe7 19. Nc6 Qb7 20. Nxe7+ Qxe7
21. Bf4 Re8 22. f3 Qf6 23. Bxd6 Be6 24. e5 Qg6 25. Qe3 Rac8 26. Bc5 Rc6 27. Rd6
Rec8 28. Rcd1 h6 29. Rxc6 Rxc6 30. Rc1 Bd5 31. Rd1 Bxb3 32. Qxb3 Rxc5 33. Rd6
Qb1+ 34. Rd1 Qf5 35. Rd8+ Kh7 36. Rf8 Qxe5 37. Qd3+ Qf5 38. Qe3 Qb1+ 39. Kf2
Qxb2+ 40. Kg3 Rg5+ 41. Kh4 Qf6 42. Kh3 Rh5+ 43. Kg3 Qh4# 0-1

[Event "ODJM A 2016"]
[Site "Willingen GER"]
[Date "2016.05.17"]
[Round "4"]
[White "Bilau, Max"]
[Black "Kast, Larissa"]
[Result "1-0"]
[Termination "normal"]
[Board "55"]
[WhiteElo "1645"]
[BlackElo "1567"]
[PlyCount "165"]
[WhiteFideId "12974838"]
[BlackFideId "24699055"]
[EventCountry "GER"]
[EventRounds "9"]
[EventType "swiss"]
[EventDate "2016.05.14"]

1. d4 d5 2. Nc3 e6 3. Bf4 c5 4. e3 Bd6 5. Bxd6 Qxd6 6. Nf3 Nc6 7. Be2 Nf6 8.
Nb5 Qe7 9. dxc5 Ne4 10. Nd6+ Nxd6 11. cxd6 Qxd6 12. c3 O-O 13. O-O Ne5 14. Nxe5
Qxe5 15. Qd4 Qc7 16. Bd3 Rd8 17. Qh4 h6 18. Rac1 Kf8 19. c4 dxc4 20. Bxc4 Qe7
21. Qe4 Qf6 22. Rcd1 a6 23. Bb3 Ra7 24. Qb4+ Kg8 25. Qb6 Rxd1 26. Rxd1 Ra8 27.
Rd8+ Kh7 28. Qc7 Qxb2 29. h3 b5 30. Rxc8 Rxc8 31. Qxc8 Qa1+ 32. Kh2 Qe5+ 33. g3
Qf6 34. Qc2+ g6 35. Kg2 Qe5 36. Qd3 Qc7 37. Qe4 Qc8 38. Qf4 Qb7+ 39. Qf3 Qd7
40. Qa8 Qd6 41. Qb7 Kg7 42. Qe4 Kh7 43. h4 h5 44. g4 hxg4 45. Qxg4 Qc5 46. Qf3
Kg7 47. Qe4 Qe7 48. Qe5+ Kg8 49. h5 Kh7 50. hxg6+ Kxg6 51. Bc2+ f5 52. Bxf5+
Kf7 53. Be4 Qh4 54. Qc7+ Kf8 55. Qc8+ Kf7 56. Qd7+ Qe7 57. Qxe7+ Kxe7 58. Kf1
Kd6 59. Ke2 a5 60. Kd3 Kc5 61. Kc3 Kd6 62. f4 Kc5 63. a3 b4+ 64. axb4+ axb4+
65. Kb3 Kb5 66. Bf3 Kc5 67. Bg4 Kd5 68. Kxb4 Kd6 69. Kc4 Ke7 70. Kd4 Kd6 71. e4
Kd7 72. Ke5 Ke7 73. Bxe6 Kd8 74. Ba2 Ke7 75. f5 Ke8 76. Ke6 Kf8 77. Kd7 Kg7 78.
e5 Kf8 79. e6 Kg8 80. e7+ Kg7 81. e8=Q Kh7 82. Qg6+ Kh8 83. Qh6# 1-0

[Event "ODJM A 2016"]
[Site "Willingen GER"]
[Date "2016.05.17"]
[Round "4"]
[White "Stockter, Jasper Enno"]
[Black "Wolf, Philipp"]
[Result "1-0"]
[Termination "normal"]
[Board "56"]
[WhiteElo "1479"]
[BlackElo "1592"]
[PlyCount "105"]
[WhiteFideId "12957291"]
[BlackFideId "12958948"]
[EventCountry "GER"]
[EventRounds "9"]
[EventType "swiss"]
[EventDate "2016.05.14"]

1. e4 c5 2. Nf3 e6 3. d4 cxd4 4. Nxd4 Nc6 5. Nc3 Qc7 6. Be3 Nf6 7. Bc4 a6 8.
Bb3 b5 9. f3 Bb7 10. O-O Bd6 11. h3 Nh5 12. Nde2 Ne7 13. a3 Ng6 14. Qd2 Bh2+
15. Kh1 Ng3+ 16. Nxg3 Bxg3 17. Rad1 Rd8 18. Ne2 Be5 19. c3 O-O 20. Bd4 Bxd4 21.
cxd4 d5 22. e5 Qb6 23. Bc2 Rc8 24. Bxg6 fxg6 25. Rc1 a5 26. Rxc8 Rxc8 27. Rc1
Rc4 28. b3 Rc7 29. Rxc7 Qxc7 30. Qc3 Qxc3 31. Nxc3 b4 32. axb4 axb4 33. Na2 Ba6
34. Nxb4 Bb5 35. Na2 Kf7 36. Nc3 Bc6 37. b4 Ke7 38. Kg1 Kd8 39. f4 Kc7 40. Kf2
Kb6 41. g4 h5 42. gxh5 gxh5 43. Kg3 Bb5 44. Nxb5 Kxb5 45. f5 exf5 46. e6 Kc6
47. b5+ Kxb5 48. e7 Kc4 49. e8=Q Kxd4 50. Qxh5 Ke4 51. Qf3+ Ke5 52. Qe3+ Kf6
53. Qd4+ 1-0

[Event "ODJM A 2016"]
[Site "Willingen GER"]
[Date "2016.05.17"]
[Round "4"]
[White "Usczeck, Alina"]
[Black "Fischer, Maxi"]
[Result "1/2-1/2"]
[Termination "normal"]
[Board "57"]
[WhiteElo "1655"]
[BlackElo "1640"]
[PlyCount "40"]
[WhiteFideId "12938114"]
[BlackFideId "24692395"]
[EventCountry "GER"]
[EventRounds "9"]
[EventType "swiss"]
[EventDate "2016.05.14"]

1. e4 e5 2. Nf3 Nc6 3. d4 exd4 4. Nxd4 Bc5 5. Be3 Qf6 6. Nb5 Bxe3 7. fxe3 Qe5
8. N1c3 Nge7 9. Nd5 O-O 10. Bd3 Nxd5 11. exd5 a6 12. Nxc7 Qxc7 13. dxc6 dxc6
14. Qf3 Be6 15. O-O Rad8 16. Qf4 Qb6 17. b3 Rfe8 18. Rad1 g6 19. Kh1 Rd7 20.
Rfe1 Rde7 1/2-1/2

[Event "ODJM A 2016"]
[Site "Willingen GER"]
[Date "2016.05.17"]
[Round "4"]
[White "Pahl, Theis"]
[Black "Schneider, Edward"]
[Result "1-0"]
[Termination "normal"]
[Board "58"]
[WhiteElo "1583"]
[BlackElo "1651"]
[PlyCount "119"]
[WhiteFideId "16201264"]
[BlackFideId "16200870"]
[EventCountry "GER"]
[EventRounds "9"]
[EventType "swiss"]
[EventDate "2016.05.14"]

1. e4 e5 2. Nc3 Nf6 3. Bc4 Bc5 4. f4 d6 5. Nf3 Nc6 6. h3 h5 7. Ng5 Rf8 8. d3
Bd7 9. f5 Qe7 10. a3 a6 11. Bd2 O-O-O 12. Nd5 Nxd5 13. Bxd5 g6 14. c3 gxf5 15.
Qxh5 f6 16. Nf7 Be8 17. Qxf5+ Bd7 18. Qh7 Rh8 19. Qg6 Be8 20. Qg4+ f5 21. Qxf5+
Bd7 22. Qg5 Qxg5 23. Bxg5 Rdf8 24. Nxh8 Rxh8 25. O-O-O Rf8 26. Rdf1 Re8 27. Rf3
Ne7 28. Bxe7 Rxe7 29. Rf8+ Re8 30. Rxe8+ Bxe8 31. h4 Bh5 32. Be6+ Kd8 33. g4
Be8 34. h5 Be3+ 35. Kc2 Bh6 36. g5 Bxg5 37. h6 Bf6 38. Rg1 Ke7 39. Bc8 Bc6 40.
h7 Kf7 41. Rg8 Bg7 42. h8=Q Bxh8 43. Rxh8 Ke7 44. Kd2 a5 45. Ke3 b6 46. d4
exd4+ 47. cxd4 Ba4 48. Bb7 c5 49. Rb8 cxd4+ 50. Kxd4 b5 51. Bc6 Ke6 52. Bxb5
Bxb5 53. Rxb5 a4 54. Ra5 Kd7 55. Kd5 Ke7 56. Ra7+ Kf6 57. Kxd6 Kg6 58. e5 Kh6
59. e6 Kg6 60. Rf7 1-0

[Event "ODJM A 2016"]
[Site "Willingen GER"]
[Date "2016.05.17"]
[Round "4"]
[White "Cejda, Moritz"]
[Black "Diegel, Jonas"]
[Result "1-0"]
[Termination "normal"]
[Board "59"]
[WhiteElo "1655"]
[BlackElo "1678"]
[PlyCount "49"]
[WhiteFideId "12925152"]
[BlackFideId "16206061"]
[EventCountry "GER"]
[EventRounds "9"]
[EventType "swiss"]
[EventDate "2016.05.14"]

1. e4 e6 2. d4 d5 3. Nd2 c5 4. c3 Nc6 5. Ngf3 Qb6 6. exd5 exd5 7. Qe2+ Nge7 8.
dxc5 Qxc5 9. Nb3 Qd6 10. g3 g6 11. Bg2 Bg7 12. O-O O-O 13. Bf4 Qe6 14. Qd2 b6
15. Rfe1 Qd7 16. Nbd4 Bb7 17. Nxc6 Bxc6 18. Re2 Bb5 19. Ne5 Bxe5 20. Rxe5 Rad8
21. Rae1 Rfe8 22. Bg5 Nc6 23. Rxd5 Qxd5 24. Rxe8+ Rxe8 25. Bxd5 1-0

[Event "ODJM A 2016"]
[Site "Willingen GER"]
[Date "2016.05.17"]
[Round "4"]
[White "Rupp, Andreas"]
[Black "Hoppe, Nico"]
[Result "1/2-1/2"]
[Termination "normal"]
[Board "60"]
[WhiteElo "1562"]
[BlackElo "1459"]
[PlyCount "59"]
[WhiteFideId "16225503"]
[BlackFideId "16225520"]
[EventCountry "GER"]
[EventRounds "9"]
[EventType "swiss"]
[EventDate "2016.05.14"]

1. e4 c6 2. d4 d5 3. Nc3 dxe4 4. Nxe4 Bf5 5. Ng3 Bg6 6. Nf3 Nd7 7. c3 e6 8. Bf4
Ngf6 9. Bd3 Bxd3 10. Qxd3 Be7 11. O-O O-O 12. Ng5 c5 13. dxc5 Nxc5 14. Qc2 Qd3
15. Qc1 Nce4 16. Rd1 Nxg3 17. Rxd3 Ne2+ 18. Kf1 Nxc1 19. Rxc1 Rfd8 20. Rcd1
Rxd3 21. Rxd3 Rd8 22. Ke2 Rxd3 23. Kxd3 Nd5 24. Bd2 Bxg5 25. Bxg5 Kf8 26. c4
Ne7 27. b4 a6 28. Bxe7+ Kxe7 29. Kd4 Kd6 30. a4 1/2-1/2